[Event "Titled Tuesday intern op 21st Dec"]
[Site "Chess.com INT"]
[Date "2021.12.21"]
[Round "11"]
[White "Coto Mederos, Michel"]
[Black "Gombocz, Ferenc Jr"]
[Result "1-0"]
[WhiteElo "2348"]
[BlackElo "2236"]
[PlyCount "95"]
[EventDate "2021.12.21"]
[EventType "swiss (blitz)"]
[EventRounds "11"]
[EventCountry "USA"]
[SourceTitle "CBM 205 Extra"]
[Source "ChessBase"]
[SourceDate "2022.01.31"]
[SourceVersion "1"]
[SourceVersionDate "2022.01.31"]
[SourceQuality "1"]

1. d4 d5 2. Nf3 Nf6 3. Bf4 c5 4. e3 Nc6 5. Nbd2 cxd4 6. exd4 Qb6 7. Nb3 Bg4 8. Be2 e6 9. c3 Be7 10. O-O O-O 11. h3 Bh5 12. Re1 Bxf3 13. Bxf3 Na5 14. Nxa5 Qxa5 15. g4 Qb6 16. Qe2 Bd6 17. Bxd6 Qxd6 18. Bg2 Nd7 19. Qe3 Rae8 20. f4 f6 21. Qf2 e5 22. fxe5 fxe5 23. Qg3 Kh8 24. dxe5 Nxe5 25. Kh2 h6 26. Rad1 Rf2 27. Kh1 Qf6 28. Rxd5 Rxg2 29. Qxg2 Re7 30. Qg3 Nf7 31. Rxe7 Qxe7 32. Qf3 Ng5 33. Qg2 Qe1+ 34. Kh2 Qe7 35. Rf5 Qc7+ 36. Qg3 Qe7 37. Qf2 Qd6+ 38. Qf4 Qd1 39. h4 Qe2+ 40. Qf2 Qxg4 41. hxg5 Qh5+ 42. Kg2 Qg4+ 43. Kf1 Qd1+ 44. Kg2 Qg4+ 45. Kh2 Qh5+ 46. Kg3 hxg5 47. Qh2 Qxh2+ 48. Kxh2 1-0

[Event "Titled Tuesday intern op 21st Dec"]
[Site "Chess.com INT"]
[Date "2021.12.21"]
[Round "11"]
[White "Cvetanovic, Uros"]
[Black "Vivas Zamora, Fabian Ernesto"]
[Result "0-1"]
[WhiteElo "2248"]
[BlackElo "2344"]
[PlyCount "104"]
[EventDate "2021.12.21"]
[EventType "swiss (blitz)"]
[EventRounds "11"]
[EventCountry "USA"]
[SourceTitle "CBM 205 Extra"]
[Source "ChessBase"]
[SourceDate "2022.01.31"]
[SourceVersion "1"]
[SourceVersionDate "2022.01.31"]
[SourceQuality "1"]

1. Nc3 Nf6 2. e4 e5 3. Bc4 Nxe4 4. Qh5 Nd6 5. Qxe5+ Qe7 6. Qxe7+ Bxe7 7. Bb3 Nc6 8. Nge2 Nf5 9. Nd5 Bd8 10. c3 O-O 11. O-O Re8 12. Ng3 d6 13. d4 Nxg3 14. fxg3 Be6 15. Nxc7 Bxc7 16. d5 Bb6+ 17. Kh1 Na5 18. dxe6 fxe6 19. Ba4 Rf8 20. Re1 e5 21. Bg5 Rf2 22. b4 Nc6 23. Rad1 Bc7 24. a3 h6 25. Be3 Rb2 26. c4 Rf8 27. h4 Kh7 28. g4 e4 29. Rd2 Rxd2 30. Bxd2 Ne5 31. Rxe4 Rf1+ 32. Kh2 d5 33. Rf4 Nxg4+ 34. Kh3 Bxf4 35. Bc2+ g6 36. Bxf4 Rxf4 37. cxd5 Rd4 38. h5 Ne5 39. hxg6+ Nxg6 40. g4 Kg7 41. Bf5 Rxd5 42. Kg3 Rd4 43. Kf3 Ne5+ 44. Ke3 Rxg4 45. Bxg4 Nxg4+ 46. Kf4 h5 47. Kg5 Nf6 48. a4 Kf7 49. Kf5 Ke7 50. b5 b6 51. Ke5 h4 52. Kf5 h3 0-1

[Event "Titled Tuesday intern op 21st Dec"]
[Site "Chess.com INT"]
[Date "2021.12.21"]
[Round "11"]
[White "Diaz Camallonga, Carles"]
[Black "Demchenko, Anton"]
[Result "1-0"]
[WhiteElo "2463"]
[BlackElo "2654"]
[PlyCount "77"]
[EventDate "2021.12.21"]
[EventType "swiss (blitz)"]
[EventRounds "11"]
[EventCountry "USA"]
[SourceTitle "CBM 205 Extra"]
[Source "ChessBase"]
[SourceDate "2022.01.31"]
[SourceVersion "1"]
[SourceVersionDate "2022.01.31"]
[SourceQuality "1"]

1. e4 e5 2. Nf3 Nc6 3. Bb5 a6 4. Ba4 Nge7 5. c3 Ng6 6. d4 exd4 7. cxd4 Bb4+ 8. Nc3 d5 9. exd5 Bxc3+ 10. bxc3 Qxd5 11. h3 O-O 12. O-O Na5 13. Re1 Rd8 14. Ne5 Nxe5 15. Rxe5 Qxe5 16. dxe5 Rxd1+ 17. Bxd1 Be6 18. Bf3 Rd8 19. Bg5 Rd7 20. Be3 b6 21. a4 Nc4 22. Bf4 h6 23. Be2 g5 24. Bg3 c6 25. Rb1 b5 26. axb5 cxb5 27. Ra1 Ra7 28. f4 a5 29. fxg5 hxg5 30. Bf2 Ra6 31. Bc5 a4 32. Be7 g4 33. hxg4 Ra7 34. Bf6 Rd7 35. Kf2 Nd2 36. Ke3 Nc4+ 37. Bxc4 Bxc4 38. Rh1 Rd3+ 39. Kf4 1-0

[Event "Titled Tuesday intern op 21st Dec"]
[Site "Chess.com INT"]
[Date "2021.12.21"]
[Round "11"]
[White "Fabris, Alberto"]
[Black "Kaganskiy, Gleb"]
[Result "1-0"]
[WhiteElo "2230"]
[BlackElo "2251"]
[PlyCount "91"]
[EventDate "2021.12.21"]
[EventType "swiss (blitz)"]
[EventRounds "11"]
[EventCountry "USA"]
[SourceTitle "CBM 205 Extra"]
[Source "ChessBase"]
[SourceDate "2022.01.31"]
[SourceVersion "1"]
[SourceVersionDate "2022.01.31"]
[SourceQuality "1"]

1. e4 e5 2. Nf3 Nf6 3. Nxe5 d6 4. Nf3 Nxe4 5. d4 d5 6. Bd3 Bd6 7. O-O O-O 8. c4 c6 9. Nc3 Nxc3 10. bxc3 dxc4 11. Bxc4 Bg4 12. Qd3 Bh5 13. Re1 Bg6 14. Qe2 Nd7 15. Bg5 Qc7 16. h3 b5 17. Bb3 a5 18. a4 bxa4 19. Bxa4 c5 20. d5 Rab8 21. c4 f6 22. Bh4 Ne5 23. Nxe5 Bxe5 24. Rac1 Rb2 25. Qf3 Rfb8 26. Bb5 Qd6 27. Re2 Rxe2 28. Qxe2 h6 29. Qg4 Kh7 30. Bg3 Bxg3 31. Qxg3 Qxg3 32. fxg3 Ra8 33. Ra1 Ra7 34. Kf2 Bc2 35. Ra2 Bb3 36. Ra3 a4 37. d6 Kg8 38. Ke3 Kf8 39. g4 Kf7 40. Ke4 Ke6 41. d7 Ke7 42. Kd5 Rc7 43. g3 g5 44. h4 Kd8 45. Kd6 gxh4 46. gxh4 1-0

[Event "Titled Tuesday intern op 21st Dec"]
[Site "Chess.com INT"]
[Date "2021.12.21"]
[Round "11"]
[White "Gabrielian, Artur"]
[Black "Agasarov, Benik"]
[Result "1-0"]
[WhiteElo "2464"]
[BlackElo "2205"]
[PlyCount "119"]
[EventDate "2021.12.21"]
[EventType "swiss (blitz)"]
[EventRounds "11"]
[EventCountry "USA"]
[SourceTitle "CBM 205 Extra"]
[Source "ChessBase"]
[SourceDate "2022.01.31"]
[SourceVersion "1"]
[SourceVersionDate "2022.01.31"]
[SourceQuality "1"]

1. e4 c5 2. Nc3 Nc6 3. Bb5 Nd4 4. Bc4 e6 5. Nf3 Ne7 6. Nxd4 cxd4 7. Ne2 Nc6 8. d3 Be7 9. O-O O-O 10. a3 d6 11. Ng3 Rb8 12. f4 b5 13. Ba2 Kh8 14. f5 Bg5 15. f6 Bxf6 16. Nh5 Be5 17. Qg4 g6 18. Ng3 f5 19. exf5 exf5 20. Qf3 Bb7 21. Bd5 Na5 22. Bh6 Re8 23. Rae1 Qh4 24. Bd2 Bxd5 25. Qxd5 Nb7 26. b4 Nd8 27. Rf4 Qe7 28. Rff1 Ne6 29. Bh6 Qh4 30. Bc1 a6 31. Bb2 Rbc8 32. Re2 Nf4 33. Rxf4 Qxf4 34. Nf1 Bg7 35. Rxe8+ Rxe8 36. Qc6 Qe5 37. Qxa6 Qe1 38. Qxb5 h5 39. Qd5 Qe5 40. Qf3 h4 41. h3 d5 42. b5 Qb8 43. a4 Rd8 44. Qf2 Qb6 45. Qxh4+ Kg8 46. Qe7 Bf6 47. Qe2 Kg7 48. Nd2 Qc7 49. Nf3 Re8 50. Qf2 Re2 51. Qxe2 Qh2+ 52. Nxh2 Bg5 53. Nf3 Be3+ 54. Kf1 f4 55. Bxd4+ Bxd4 56. Nxd4 Kf6 57. Qf3 Kg5 58. Ne2 Kh4 59. d4 g5 60. Qg4# 1-0

[Event "Titled Tuesday intern op 21st Dec"]
[Site "Chess.com INT"]
[Date "2021.12.21"]
[Round "11"]
[White "Gaehwiler, Gabriel"]
[Black "Piesik, Piotr"]
[Result "1-0"]
[WhiteElo "2400"]
[BlackElo "2407"]
[PlyCount "57"]
[EventDate "2021.12.21"]
[EventType "swiss (blitz)"]
[EventRounds "11"]
[EventCountry "USA"]
[SourceTitle "CBM 205 Extra"]
[Source "ChessBase"]
[SourceDate "2022.01.31"]
[SourceVersion "1"]
[SourceVersionDate "2022.01.31"]
[SourceQuality "1"]

1. Nf3 g6 2. g3 Bg7 3. d4 d5 4. Bg2 Nf6 5. O-O O-O 6. c4 c6 7. b3 Bf5 8. Bb2 a5 9. Nc3 Ne4 10. Rc1 Nxc3 11. Bxc3 Be4 12. Nd2 Bxg2 13. Kxg2 a4 14. e3 Nd7 15. Qf3 e6 16. Rfd1 axb3 17. axb3 Ra2 18. e4 dxe4 19. Nxe4 Nf6 20. Nc5 Qe7 21. Bb4 Rd8 22. Ra1 Rxa1 23. Rxa1 Rxd4 24. Ra7 h5 25. Rxb7 Qe8 26. Bc3 Ng4 27. Bxd4 Bxd4 28. Nd7 Qc8 29. Rb8 1-0

[Event "Titled Tuesday intern op 21st Dec"]
[Site "Chess.com INT"]
[Date "2021.12.21"]
[Round "11"]
[White "Girya, Olga"]
[Black "Langner, Ladislav"]
[Result "1-0"]
[WhiteElo "2416"]
[BlackElo "2370"]
[PlyCount "143"]
[EventDate "2021.12.21"]
[EventType "swiss (blitz)"]
[EventRounds "11"]
[EventCountry "USA"]
[SourceTitle "CBM 205 Extra"]
[Source "ChessBase"]
[SourceDate "2022.01.31"]
[SourceVersion "1"]
[SourceVersionDate "2022.01.31"]
[SourceQuality "1"]

1. d4 Nf6 2. Nf3 g6 3. Bf4 d5 4. e3 Bg7 5. h3 b6 6. Nbd2 c5 7. c3 O-O 8. Bd3 Nc6 9. O-O Bb7 10. Qe2 Nd7 11. Rfd1 e5 12. dxe5 Ndxe5 13. Ba6 Bxa6 14. Qxa6 Qe7 15. Nxe5 Bxe5 16. Bh6 Rfd8 17. Nf3 Bg7 18. Bxg7 Kxg7 19. Rd2 Rd7 20. Rad1 Rad8 21. Qb5 Ne5 22. Nxe5 Qxe5 23. Qa4 h5 24. Rd3 a5 25. a3 Qf6 26. b4 axb4 27. axb4 Qe7 28. Qb5 cxb4 29. cxb4 Qe6 30. Rd4 Rd6 31. h4 Kh7 32. g3 Kg7 33. Qe2 Qe7 34. Qf3 R6d7 35. Kg2 Rd6 36. Rc1 Qe6 37. Rc7 R8d7 38. Rc2 Rd8 39. Qf4 R8d7 40. Rcd2 Qf6 41. e4 Qxf4 42. gxf4 Rd8 43. Rxd5 Rxd5 44. Rxd5 Rc8 45. Rd6 Rc4 46. Rxb6 Rxe4 47. Kf3 Rc4 48. Rb8 Kf6 49. b5 Rb4 50. b6 Kf5 51. Ke3 Re4+ 52. Kd3 Rxf4 53. Rf8 Rb4 54. Rxf7+ Kg4 55. b7 Kxh4 56. Kc3 Rb1 57. Kc4 g5 58. Kc5 g4 59. Kc6 g3 60. Rf4+ Kh3 61. Rf3 Kg2 62. Rxg3+ Kxf2 63. Rh3 Rc1+ 64. Kd7 Rb1 65. Kc8 Rc1+ 66. Kb8 Rc5 67. Ka7 Ra5+ 68. Kb6 Ra1 69. b8=Q Rb1+ 70. Kc7 Rxb8 71. Kxb8 Kg2 72. Rxh5 1-0

[Event "Titled Tuesday intern op 21st Dec"]
[Site "Chess.com INT"]
[Date "2021.12.21"]
[Round "11"]
[White "Hakobyan, Aram"]
[Black "Quesada Perez, Yuniesky"]
[Result "1-0"]
[WhiteElo "2602"]
[BlackElo "2600"]
[PlyCount "99"]
[EventDate "2021.12.21"]
[EventType "swiss (blitz)"]
[EventRounds "11"]
[EventCountry "USA"]
[SourceTitle "CBM 205 Extra"]
[Source "ChessBase"]
[SourceDate "2022.01.31"]
[SourceVersion "1"]
[SourceVersionDate "2022.01.31"]
[SourceQuality "1"]

1. d4 d5 2. Nf3 Nf6 3. c3 Bf5 4. Qb3 Qc8 5. c4 e6 6. cxd5 exd5 7. Nc3 c6 8. Bf4 Nbd7 9. Rc1 Be7 10. h3 O-O 11. e3 Re8 12. Be2 a5 13. O-O h6 14. Nb5 a4 15. Qd1 Ra5 16. Nd6 Bxd6 17. Bxd6 Ne4 18. Bh2 Qd8 19. Nd2 Qb6 20. Nxe4 Bxe4 21. Qd2 Raa8 22. Bg3 Nf6 23. f3 Bg6 24. Bf2 Re6 25. Rfe1 Ne8 26. Bf1 Nd6 27. e4 Rae8 28. e5 Nc8 29. Qc3 Qd8 30. g4 f5 31. f4 Rf8 32. Bg3 Ne7 33. Qb4 fxg4 34. hxg4 Be4 35. Rxe4 dxe4 36. f5 Nxf5 37. gxf5 Qg5 38. Qe1 Rxf5 39. Bc4 Qg6 40. Kg2 Rg5 41. Bxe6+ Qxe6 42. Qxe4 Qxa2 43. e6 Qxb2+ 44. Rc2 Qb3 45. e7 Qxg3+ 46. Kf1 Qg1+ 47. Ke2 Rg2+ 48. Kf3 Qf1+ 49. Ke3 Qe1+ 50. Kd3 1-0

[Event "Titled Tuesday intern op 21st Dec"]
[Site "Chess.com INT"]
[Date "2021.12.21"]
[Round "11"]
[White "Hartikainen, Jarmo"]
[Black "Bentivegna, Francesco"]
[Result "1-0"]
[WhiteElo "2133"]
[BlackElo "2281"]
[PlyCount "51"]
[EventDate "2021.12.21"]
[EventType "swiss (blitz)"]
[EventRounds "11"]
[EventCountry "USA"]
[SourceTitle "CBM 205 Extra"]
[Source "ChessBase"]
[SourceDate "2022.01.31"]
[SourceVersion "1"]
[SourceVersionDate "2022.01.31"]
[SourceQuality "1"]

1. e4 e5 2. Nf3 Nc6 3. Bc4 Nf6 4. c3 Nxe4 5. d4 d5 6. Bb5 exd4 7. Nxd4 Bc5 8. Nxc6 Qh4 9. O-O Nxf2 10. Nd4+ c6 11. Qe1+ Be6 12. Qxf2 Qxf2+ 13. Rxf2 cxb5 14. Be3 O-O 15. Nd2 Rfe8 16. Nf1 Bd7 17. Rd1 g6 18. Nc2 Bf8 19. Bd4 a5 20. Nfe3 Bc6 21. Rdf1 f5 22. g4 fxg4 23. Nxg4 Re6 24. Rf7 Rae8 25. Rc7 Bd6 26. Nh6# 1-0

[Event "Titled Tuesday intern op 21st Dec"]
[Site "Chess.com INT"]
[Date "2021.12.21"]
[Round "11"]
[White "Hasman, Cengiz"]
[Black "Sramek, Vojtech"]
[Result "1/2-1/2"]
[WhiteElo "2101"]
[BlackElo "2230"]
[PlyCount "105"]
[EventDate "2021.12.21"]
[EventType "swiss (blitz)"]
[EventRounds "11"]
[EventCountry "USA"]
[SourceTitle "CBM 205 Extra"]
[Source "ChessBase"]
[SourceDate "2022.01.31"]
[SourceVersion "1"]
[SourceVersionDate "2022.01.31"]
[SourceQuality "1"]

1. d4 Nf6 2. c4 c6 3. Nf3 d5 4. g3 dxc4 5. Bg2 b5 6. O-O Bb7 7. Ne5 Qb6 8. a4 a5 9. Be3 Nd5 10. Nc3 b4 11. Ne4 e6 12. Nxc4 Qc7 13. Rc1 Be7 14. Bg5 f6 15. Bd2 O-O 16. Nc5 Bxc5 17. dxc5 Nd7 18. e4 Ne7 19. Be3 Ba6 20. Nd6 Bxf1 21. Bxf1 Nc8 22. Bc4 Nxd6 23. cxd6 Qb7 24. Bxe6+ Kh8 25. f4 Rfe8 26. Bf5 g6 27. Bxd7 Qxd7 28. e5 fxe5 29. fxe5 Re6 30. Bd4 Rf8 31. Qc2 Rc8 32. Qf2 Kg8 33. Rf1 Qg7 34. Qf3 c5 35. Qd5 Rce8 36. Bxc5 Qxe5 37. Qxe5 Rxe5 38. d7 Rd8 39. Bd6 Re6 40. Bc7 Rxd7 41. Bxa5 Rd2 42. Bxb4 Rc2 43. Bc3 Ree2 44. Rd1 Rg2+ 45. Kf1 Rcf2+ 46. Ke1 Re2+ 47. Kf1 Ref2+ 48. Ke1 Rxh2 49. a5 Re2+ 50. Kf1 Ref2+ 51. Ke1 Re2+ 52. Kf1 Ref2+ 53. Ke1 1/2-1/2

[Event "Titled Tuesday intern op 21st Dec"]
[Site "Chess.com INT"]
[Date "2021.12.21"]
[Round "11"]
[White "Iskusnyh, Sergei"]
[Black "Bifulco, Michel"]
[Result "1-0"]
[WhiteElo "2473"]
[BlackElo "2338"]
[PlyCount "75"]
[EventDate "2021.12.21"]
[EventType "swiss (blitz)"]
[EventRounds "11"]
[EventCountry "USA"]
[SourceTitle "CBM 205 Extra"]
[Source "ChessBase"]
[SourceDate "2022.01.31"]
[SourceVersion "1"]
[SourceVersionDate "2022.01.31"]
[SourceQuality "1"]

1. d4 Nf6 2. c4 g6 3. g3 Bg7 4. Bg2 O-O 5. Nc3 d6 6. Nf3 Nc6 7. O-O a6 8. b3 Rb8 9. d5 Na5 10. Bg5 c5 11. dxc6 Nxc6 12. Rc1 b5 13. cxb5 axb5 14. Bxf6 Bxf6 15. Nd5 Bb7 16. Nxf6+ exf6 17. Qd2 Qe7 18. Rfd1 Rfe8 19. Qxd6 Qxe2 20. Qxf6 Re6 21. Qf4 Rbe8 22. Ng5 R6e7 23. Bf3 Nd4 24. Rxd4 Bxf3 25. Qxf3 Qe5 26. Rd5 Qb2 27. Rcd1 h6 28. Nh3 Re1+ 29. Kg2 Qc2 30. Rxe1 Rxe1 31. Qf6 Re8 32. Nf4 Qe4+ 33. Kg1 Qb1+ 34. Kg2 Qe4+ 35. f3 Qc2+ 36. Kh3 g5 37. Qxh6 gxf4 38. Rg5+ 1-0

[Event "Titled Tuesday intern op 21st Dec"]
[Site "Chess.com INT"]
[Date "2021.12.21"]
[Round "11"]
[White "Kadam, Om Manish"]
[Black "Bures, Vit"]
[Result "1-0"]
[WhiteElo "2114"]
[BlackElo "2119"]
[PlyCount "109"]
[EventDate "2021.12.21"]
[EventType "swiss (blitz)"]
[EventRounds "11"]
[EventCountry "USA"]
[SourceTitle "CBM 205 Extra"]
[Source "ChessBase"]
[SourceDate "2022.01.31"]
[SourceVersion "1"]
[SourceVersionDate "2022.01.31"]
[SourceQuality "1"]

1. e4 e5 2. Nf3 Nc6 3. Bc4 Bc5 4. c3 Nf6 5. d3 O-O 6. b4 Be7 7. a4 d5 8. exd5 Nxd5 9. O-O Bf6 10. Qb3 Be6 11. Nbd2 Nf4 12. Ne4 Bxc4 13. dxc4 Ne2+ 14. Kh1 Nxc1 15. Raxc1 Qe7 16. c5 Rad8 17. Rcd1 g6 18. h3 Bg7 19. Qc4 h6 20. Qb5 Rb8 21. a5 a6 22. Qc4 Kh7 23. Rd5 f5 24. Ng3 e4 25. Nd4 Ne5 26. Qe2 Qf7 27. c4 Nxc4 28. Qxc4 c6 29. Rd1 cxd5 30. Qa2 f4 31. Nf1 f3 32. g3 Qd7 33. Kh2 Bxd4 34. Rxd4 Rf5 35. Ne3 Rh5 36. h4 Rd8 37. Qd2 Qe6 38. Nc4 Rf8 39. Ne3 Rd8 40. Qb2 g5 41. Rd2 gxh4 42. g4 Rg5 43. Kh3 h5 44. Kxh4 Rxg4+ 45. Kh3 Rg1+ 46. Kh2 Rdg8 47. Rxd5 Qg6 48. Rd7+ Rg7 49. Rxg7+ Qxg7 50. Qxg7+ Rxg7 51. Nf5 Rd7 52. Nd6 Kg6 53. Kg3 Kf6 54. Nxe4+ Ke5 55. Nd6 1-0

[Event "Titled Tuesday intern op 21st Dec"]
[Site "Chess.com INT"]
[Date "2021.12.21"]
[Round "11"]
[White "Karpov, Vadim"]
[Black "Petrova, Irina"]
[Result "0-1"]
[WhiteElo "2345"]
[BlackElo "2141"]
[PlyCount "100"]
[EventDate "2021.12.21"]
[EventType "swiss (blitz)"]
[EventRounds "11"]
[EventCountry "USA"]
[SourceTitle "CBM 205 Extra"]
[Source "ChessBase"]
[SourceDate "2022.01.31"]
[SourceVersion "1"]
[SourceVersionDate "2022.01.31"]
[SourceQuality "1"]

1. Nf3 d6 2. g3 e5 3. Bg2 Nc6 4. d3 g6 5. c4 Bg7 6. Nc3 f5 7. Bd2 Nf6 8. Rb1 O-O 9. b4 h6 10. b5 Ne7 11. a4 Be6 12. a5 Qd7 13. O-O Rae8 14. Ne1 c6 15. a6 b6 16. bxc6 Nxc6 17. Nc2 g5 18. Ne3 Nd4 19. Ned5 Nxd5 20. Nxd5 f4 21. Bc3 f3 22. exf3 Bxd5 23. cxd5 Qf5 24. Bxd4 exd4 25. Re1 Rxe1+ 26. Qxe1 Qxd3 27. Rd1 Qxa6 28. Qe6+ Kh8 29. Qxd6 Qa4 30. Rd3 Qc4 31. Bf1 Qc5 32. Qd7 a5 33. Rd1 Rxf3 34. Qe8+ Rf8 35. Qe4 d3 36. Rd2 Qd4 37. Qxd3 Qxd3 38. Bxd3 a4 39. Bb5 a3 40. d6 Bb2 41. Bc4 b5 42. Ba2 b4 43. Kg2 Kg7 44. d7 Rd8 45. Rd5 Kf8 46. Rb5 Bc3 47. Rb6 Rxd7 48. Rxh6 Rd2 49. Bc4 a2 50. Bxa2 Rxa2 0-1

[Event "Titled Tuesday intern op 21st Dec"]
[Site "Chess.com INT"]
[Date "2021.12.21"]
[Round "11"]
[White "Karttunen, Mika"]
[Black "Navalgund, Niranjan"]
[Result "1-0"]
[WhiteElo "2484"]
[BlackElo "2289"]
[PlyCount "141"]
[EventDate "2021.12.21"]
[EventType "swiss (blitz)"]
[EventRounds "11"]
[EventCountry "USA"]
[SourceTitle "CBM 205 Extra"]
[Source "ChessBase"]
[SourceDate "2022.01.31"]
[SourceVersion "1"]
[SourceVersionDate "2022.01.31"]
[SourceQuality "1"]

1. e4 d5 2. exd5 c6 3. Nc3 e5 4. d4 exd4 5. Qxd4 Nf6 6. Bg5 Be7 7. O-O-O O-O 8. Nf3 cxd5 9. Nxd5 Nxd5 10. Qxd5 Bxg5+ 11. Nxg5 Qxd5 12. Rxd5 h6 13. Nf3 Be6 14. Rd2 Nc6 15. a3 Rac8 16. Bd3 Na5 17. Kb1 Rfd8 18. Re2 Bg4 19. Re3 Rc7 20. Ne5 Be6 21. f4 Nc6 22. Nxc6 Rxc6 23. f5 Bd5 24. Rg1 Kf8 25. g4 a6 26. h4 Re8 27. Rxe8+ Kxe8 28. g5 hxg5 29. hxg5 Bc4 30. Be4 Rc7 31. b3 Bb5 32. Re1 Kd8 33. Bd5 Bc6 34. Bxc6 Rxc6 35. Re5 Kd7 36. Kb2 f6 37. gxf6 gxf6 38. Rd5+ Ke7 39. c4 Rc8 40. Kc3 Rh8 41. a4 Rh3+ 42. Kb4 b6 43. a5 bxa5+ 44. Rxa5 Rf3 45. Rd5 Ke8 46. Ka4 Rc3 47. Rc5 Kd7 48. b4 Rc1 49. Ka5 Rb1 50. b5 axb5 51. cxb5 Rb2 52. Rc6 Ke7 53. Re6+ Kf7 54. b6 Rf2 55. Re1 Rxf5+ 56. Ka6 Rf2 57. Rb1 Ra2+ 58. Kb5 Ra8 59. b7 Rh8 60. Kc6 Ke6 61. b8=Q Rxb8 62. Rxb8 Ke5 63. Kc5 Ke4 64. Kc4 f5 65. Re8+ Kf3 66. Kd3 f4 67. Rf8 Kg3 68. Ke2 Kg4 69. Kf2 Kg5 70. Kf3 Kg6 71. Rxf4 1-0

[Event "Titled Tuesday intern op 21st Dec"]
[Site "Chess.com INT"]
[Date "2021.12.21"]
[Round "11"]
[White "Kekic, Armin"]
[Black "Sarkar, Justin"]
[Result "1-0"]
[WhiteElo "2164"]
[BlackElo "2321"]
[PlyCount "71"]
[EventDate "2021.12.21"]
[EventType "swiss (blitz)"]
[EventRounds "11"]
[EventCountry "USA"]
[SourceTitle "CBM 205 Extra"]
[Source "ChessBase"]
[SourceDate "2022.01.31"]
[SourceVersion "1"]
[SourceVersionDate "2022.01.31"]
[SourceQuality "1"]

1. e4 c5 2. Nf3 Nc6 3. d4 cxd4 4. Nxd4 Nf6 5. Nc3 d6 6. h3 e5 7. Nb3 Be7 8. g4 Be6 9. g5 Nd7 10. h4 Nb6 11. Bh3 d5 12. Bxe6 fxe6 13. Qg4 Qd7 14. g6 h5 15. Qg3 O-O-O 16. Bg5 Bxg5 17. Qxg5 Qe7 18. Qg3 d4 19. Ne2 Nc4 20. O-O-O a5 21. Kb1 a4 22. Nbc1 a3 23. b3 Nb2 24. Rdg1 Rhf8 25. f4 exf4 26. Nxf4 e5 27. Qh3+ Rd7 28. Nd5 Qc5 29. Rf1 Kd8 30. Rxf8+ Qxf8 31. Rf1 Qe8 32. Nb6 Rc7 33. Rf7 Ne7 34. Qe6 Rc6 35. Qh3 Rxb6 36. Qf1 1-0

[Event "Titled Tuesday intern op 21st Dec"]
[Site "Chess.com INT"]
[Date "2021.12.21"]
[Round "11"]
[White "Kett, Timothy"]
[Black "Derraugh, Geordie"]
[Result "0-1"]
[WhiteElo "2136"]
[BlackElo "2209"]
[PlyCount "60"]
[EventDate "2021.12.21"]
[EventType "swiss (blitz)"]
[EventRounds "11"]
[EventCountry "USA"]
[SourceTitle "CBM 205 Extra"]
[Source "ChessBase"]
[SourceDate "2022.01.31"]
[SourceVersion "1"]
[SourceVersionDate "2022.01.31"]
[SourceQuality "1"]

1. e4 c5 2. Nf3 d6 3. d4 cxd4 4. Nxd4 Nf6 5. Nc3 a6 6. Bc4 e6 7. O-O Be7 8. f4 Qc7 9. Bb3 O-O 10. Be3 b5 11. Qf3 Bb7 12. f5 e5 13. Nde2 b4 14. Nd5 Nxd5 15. Bxd5 Bxd5 16. exd5 Qxc2 17. Ng3 Nd7 18. Ne4 Rac8 19. Rf2 Qd3 20. Rd1 Qc4 21. Rfd2 Qxa2 22. Qg3 Kh8 23. Bg5 Bxg5 24. Nxg5 Nf6 25. b3 Qa5 26. h4 Rc3 27. Qf2 Rxb3 28. Rd3 Rxd3 29. Rxd3 Qa1+ 30. Kh2 Ng4+ 0-1

[Event "Titled Tuesday intern op 21st Dec"]
[Site "Chess.com INT"]
[Date "2021.12.21"]
[Round "11"]
[White "Khamdamova, Afruza"]
[Black "Matveeva, Olga"]
[Result "0-1"]
[WhiteElo "1771"]
[BlackElo "2171"]
[PlyCount "24"]
[EventDate "2021.12.21"]
[EventType "swiss (blitz)"]
[EventRounds "11"]
[EventCountry "USA"]
[SourceTitle "CBM 205 Extra"]
[Source "ChessBase"]
[SourceDate "2022.01.31"]
[SourceVersion "1"]
[SourceVersionDate "2022.01.31"]
[SourceQuality "1"]

1. e4 e6 2. d4 d5 3. Nc3 Nf6 4. e5 Nfd7 5. f4 c5 6. Nf3 Nc6 7. Be3 cxd4 8. Nxd4 Bc5 9. Qd2 O-O 10. Bb5 Qc7 11. O-O-O a6 12. Bc4 dxc4 0-1

[Event "Titled Tuesday intern op 21st Dec"]
[Site "Chess.com INT"]
[Date "2021.12.21"]
[Round "11"]
[White "Koellner, Ruben Gideon"]
[Black "Sadykov, Ramil"]
[Result "1-0"]
[WhiteElo "2428"]
[BlackElo "2345"]
[PlyCount "101"]
[EventDate "2021.12.21"]
[EventType "swiss (blitz)"]
[EventRounds "11"]
[EventCountry "USA"]
[SourceTitle "CBM 205 Extra"]
[Source "ChessBase"]
[SourceDate "2022.01.31"]
[SourceVersion "1"]
[SourceVersionDate "2022.01.31"]
[SourceQuality "1"]

1. d4 Nf6 2. Bg5 c5 3. Bxf6 exf6 4. dxc5 Bxc5 5. e3 Qb6 6. b3 O-O 7. Nf3 d5 8. Be2 Nc6 9. O-O d4 10. exd4 Nxd4 11. Nxd4 Bxd4 12. c3 Be5 13. Nd2 Bxc3 14. Rc1 Bd4 15. Nc4 Qc5 16. b4 Qd5 17. Bf3 Qd8 18. Na5 Rb8 19. Qb3 Be6 20. Qa4 Qb6 21. a3 Rfd8 22. Rcd1 Qc7 23. Rc1 Qd7 24. Qxd7 Rxd7 25. Rfd1 Bb2 26. Rxd7 Bxc1 27. Rd3 b6 28. Nc6 Re8 29. h3 a6 30. a4 g5 31. g4 Bc4 32. Rd1 Bf4 33. Kg2 Bb3 34. Ra1 Kg7 35. Nd4 Bc4 36. Nf5+ Kf8 37. Rd1 Bb3 38. Ra1 Be5 39. Ra3 Bc2 40. Bc6 Rd8 41. b5 a5 42. Ra2 Rd2 43. Ra3 h5 44. Rf3 hxg4 45. hxg4 Bd3 46. Ne3 Be2 47. Rh3 Bf4 48. Nf5 Kg8 49. Nh6+ Kg7 50. Nf5+ Kg6 51. Rh6# 1-0

[Event "Titled Tuesday intern op 21st Dec"]
[Site "Chess.com INT"]
[Date "2021.12.21"]
[Round "11"]
[White "Korchmar, Vasiliy"]
[Black "Kalashian, David"]
[Result "1-0"]
[WhiteElo "2450"]
[BlackElo "2398"]
[PlyCount "41"]
[EventDate "2021.12.21"]
[EventType "swiss (blitz)"]
[EventRounds "11"]
[EventCountry "USA"]
[SourceTitle "CBM 205 Extra"]
[Source "ChessBase"]
[SourceDate "2022.01.31"]
[SourceVersion "1"]
[SourceVersionDate "2022.01.31"]
[SourceQuality "1"]

1. e4 c6 2. d4 g6 3. g3 Bg7 4. Bg2 d6 5. Ne2 Nf6 6. O-O O-O 7. Nbc3 Nbd7 8. h3 e5 9. Bg5 Re8 10. Qd2 Qc7 11. Rad1 exd4 12. Nxd4 Nc5 13. Rfe1 b5 14. Ndxb5 cxb5 15. e5 dxe5 16. Bxf6 Rb8 17. Nd5 Qd7 18. Qe3 Ne6 19. Bxg7 Kxg7 20. Qxe5+ Kh6 21. Qxb8 1-0